000 00377nam a2200169Ia 4500
001 31143
003 IN-NITTTR
005 20251114233418.0
008 251113s9999||||xx |||||||||||||| ||eng||
040 _beng
040 _cIN-NITTTR
041 _aeng
082 _a621.395 D262V
100 _aDas, Debaprasad
245 0 _aVLSI design /
_cDas, Debaprasad
942 _2ddc
_cBK
999 _c33773
_d33773